00461nam a2200157Ia 4500020001800000082002300018100001400041245005700055260002500112300001400137504004600151650003700197650002600234650002300260700002000283 a9788185604763 a305.56880954 RAV-V aRavikumar 0aVenomous touch: notes on caste, culture and politics aKolkatabSamyac2009 axxii, 298 aincludes appendix, bibliography and index aDalitsvSocial conditionszIndia aDiscriminationzIndia aCommunalismzIndia aAzhagarasan, R.